Nové trendy v zaistení

Zaistenie je globálnou činnosťou, neexistuje v podstate žiadne regionálne ohraničenie zaistného trhu, lebo dopyt a ponuka sú tu už tradične medzinárodné. Svetový zaistný trh je veľmi komplikovaný, jeho účastníci môžu byť previazaní zložitou sieťou vzájomných väzieb. Problematika najnovších trendov n...

Full description

Saved in:
Bibliographic Details
Main Author: Krátka, Zuzana, 1968-
Format: Book Chapter
Language:Slovak
Subjects:
Tags: Add Tag
No Tags, Be the first to tag this record!

MARC

LEADER 00000naa$a2200000$$$4500
001 0063826
005 20240502071736.4
041 0 |a slo 
044 |a SK 
245 1 0 |a Nové trendy v zaistení  |c Zuzana Krátka 
520 |a Zaistenie je globálnou činnosťou, neexistuje v podstate žiadne regionálne ohraničenie zaistného trhu, lebo dopyt a ponuka sú tu už tradične medzinárodné. Svetový zaistný trh je veľmi komplikovaný, jeho účastníci môžu byť previazaní zložitou sieťou vzájomných väzieb. Problematika najnovších trendov na svetovom zaistnom trhu. K najvýraznejším trendom globálneho zaistného trhu patrí rastúci dopyt poisťovateľov po rizikovejších a sofistikovanejších produktoch, predovšetkým po ART metódach. 
610 2 0 |a zaistenie 
610 2 0 |a trh svetový 
610 2 0 |a riziko 
610 2 0 |a produkty 
610 2 0 |a zaisťovatelia 
610 2 0 |a metódy 
100 1 |a Krátka, Zuzana, 1968-